[Event "World Chess Olympiad 2018"]
[Site "Batumi"]
[Date "2018.09.30"]
[Round "6"]
[Board "4"]
[WhiteFideId "5018471"]
[White "Adhiban B."]
[BlackFideId "4122356"]
[Black "Jakovenko Dmitry"]
[Result "1/2-1/2"]
[LiveChessVersion "1.4.8"]
[BlackElo "2747"]
[WhiteElo "2668"]

1. d4 {[%clk 1:30:55]} Nf6 {[%clk 1:30:54]} 2. c4 {[%clk 1:31:20]} e6
{[%clk 1:31:20]} 3. Nf3 {[%clk 1:31:40]} d5 {[%clk 1:31:46]} 4. Nc3
{[%clk 1:32:02]} Be7 {[%clk 1:32:12]} 5. Bf4 {[%clk 1:32:17]} O-O
{[%clk 1:32:34]} 6. a3 {[%clk 1:32:41]} b6 {[%clk 1:32:58]} 7. Qc2
{[%clk 1:32:58]} Bb7 {[%clk 1:33:21]} 8. Rd1 {[%clk 1:33:01]} dxc4
{[%clk 1:30:36]} 9. e4 {[%clk 1:33:26]} b5 {[%clk 1:27:36]} 10. h4
{[%clk 1:33:55]} Nbd7 {[%clk 0:56:59]} 11. Ng5 {[%clk 1:34:19]} Nh5
{[%clk 0:52:33]} 12. Bc1 {[%clk 1:31:50]} h6 {[%clk 0:51:10]} 13. Nxb5
{[%clk 1:25:30]} hxg5 {[%clk 0:45:01]} 14. hxg5 {[%clk 1:25:56]} Bxg5
{[%clk 0:44:53]} 15. Rxh5 {[%clk 1:25:45]} Bxc1 {[%clk 0:45:14]} 16. Qxc1
{[%clk 1:19:43]} Nf6 {[%clk 0:41:17]} 17. Rh3 {[%clk 1:02:00]} Nxe4
{[%clk 0:35:26]} 18. Bxc4 {[%clk 0:59:26]} Qg5 {[%clk 0:35:28]} 19. Qxg5
{[%clk 0:54:42]} Nxg5 {[%clk 0:35:53]} 20. Rh5 {[%clk 0:50:30]} Ne4
{[%clk 0:32:56]} 21. f3 {[%clk 0:50:37]} g6 {[%clk 0:28:32]} 22. Re5
{[%clk 0:49:48]} Nd6 {[%clk 0:28:55]} 23. Bd3 {[%clk 0:49:51]} Nxb5
{[%clk 0:25:54]} 24. Rxb5 {[%clk 0:47:43]} Bd5 {[%clk 0:25:34]} 25. b4
{[%clk 0:43:30]} Rfd8 {[%clk 0:21:50]} 26. Ra5 {[%clk 0:35:05]} Kf8
{[%clk 0:20:23]} 27. Rc1 {[%clk 0:34:18]} c6 {[%clk 0:20:34]} 28. Bc4
{[%clk 0:33:38]} Rd7 {[%clk 0:11:21]} 29. Ke2 {[%clk 0:29:24]} g5
{[%clk 0:10:07]} 30. Ke3 {[%clk 0:21:20]} Ke7 {[%clk 0:09:58]} 31. Ra6
{[%clk 0:16:30]} Rb8 {[%clk 0:09:27]} 32. Rc3 {[%clk 0:11:30]} Rb6
{[%clk 0:08:27]} 33. Ra5 {[%clk 0:11:40]} Bxc4 {[%clk 0:07:15]} 34. Rxc4
{[%clk 0:12:02]} f6 {[%clk 0:07:38]} 35. Rc1 {[%clk 0:07:29]} Kd6
{[%clk 0:06:55]} 36. Rh1 {[%clk 0:07:54]} Rb5 {[%clk 0:06:40]} 37. Rxb5
{[%clk 0:08:00]} cxb5 {[%clk 0:07:07]} 38. Rh6 {[%clk 0:08:14]} f5
{[%clk 0:05:13]} 39. Rh8 {[%clk 0:07:02]} Rc7 {[%clk 0:05:11]} 40. Kd3
{[%clk 0:34:23]} Rc6 {[%clk 0:33:39]} 41. Rd8+ {[%clk 0:30:32]} Ke7
{[%clk 0:29:03]} 42. Rb8 {[%clk 0:27:55]} Rb6 {[%clk 0:26:47]} 43. Rxb6
{[%clk 0:23:01]} axb6 {[%clk 0:27:13]} 44. g4 {[%clk 0:21:03]} f4
{[%clk 0:23:13]} 45. Ke4 {[%clk 0:19:43]} Kd6 {[%clk 0:22:30]} 46. Kd3
{[%clk 0:20:09]} Kd5 {[%clk 0:22:49]} 47. Kc3 {[%clk 0:20:37]} Kd6
{[%clk 0:23:09]} 48. Kd3 {[%clk 0:21:03]} Kd5 {[%clk 0:23:35]} 1/2-1/2

[Event "World Chess Olympiad 2018"]
[Site "Batumi"]
[Date "2018.09.30"]
[Round "6"]
[Board "1"]
[WhiteFideId "400041"]
[White "Adams Michael"]
[BlackFideId "623539"]
[Black "Vachier-Lagrave Maxime"]
[Result "1/2-1/2"]
[LiveChessVersion "1.4.8"]
[BlackElo "2780"]
[WhiteElo "2712"]

1. c4 {[%clk 1:30:58]} c5 {[%clk 1:30:50]} 2. Nf3 {[%clk 1:31:22]} Nc6
{[%clk 1:31:16]} 3. Nc3 {[%clk 1:31:38]} e5 {[%clk 1:31:36]} 4. g3
{[%clk 1:32:02]} g6 {[%clk 1:31:57]} 5. Bg2 {[%clk 1:32:27]} Bg7 {[%clk 1:32:19]}
6. O-O {[%clk 1:32:49]} Nge7 {[%clk 1:32:40]} 7. a3 {[%clk 1:32:18]} O-O
{[%clk 1:31:07]} 8. Ne1 {[%clk 1:29:04]} d6 {[%clk 1:30:04]} 9. Nc2
{[%clk 1:29:16]} Be6 {[%clk 1:30:15]} 10. Ne3 {[%clk 1:28:51]} Qd7
{[%clk 1:30:21]} 11. b4 {[%clk 1:22:53]} Bh3 {[%clk 1:24:25]} 12. Ned5
{[%clk 1:15:08]} Bxg2 {[%clk 1:24:23]} 13. Kxg2 {[%clk 1:15:34]} Nxd5
{[%clk 1:19:39]} 14. cxd5 {[%clk 1:10:48]} cxb4 {[%clk 1:09:41]} 15. axb4
{[%clk 1:11:01]} Nxb4 {[%clk 1:08:44]} 16. Qa4 {[%clk 1:05:27]} Qxa4
{[%clk 1:08:04]} 17. Rxa4 {[%clk 1:05:51]} a5 {[%clk 1:07:11]} 18. Ba3
{[%clk 1:04:46]} e4 {[%clk 1:05:29]} 19. Bxb4 {[%clk 1:02:02]} axb4
{[%clk 1:05:54]} 20. Rxb4 {[%clk 1:02:27]} Bxc3 {[%clk 1:06:17]} 21. dxc3
{[%clk 1:02:54]} Rfc8 {[%clk 1:06:21]} 22. Rxe4 {[%clk 0:49:52]} Rxc3
{[%clk 1:06:43]} 23. Rb1 {[%clk 0:48:47]} Rc5 {[%clk 1:01:15]} 24. Rxb7
{[%clk 0:48:34]} Rxd5 {[%clk 1:01:39]} 25. Rf4 {[%clk 0:43:08]} Rf8
{[%clk 1:01:27]} 26. h4 {[%clk 0:42:41]} h5 {[%clk 1:00:35]} 27. e3
{[%clk 0:42:08]} Re5 {[%clk 0:59:11]} 28. Rd7 {[%clk 0:42:27]} Re6
{[%clk 0:59:33]} 29. Rd4 {[%clk 0:42:54]} Kg7 {[%clk 0:59:48]} 30. R4xd6
{[%clk 0:43:17]} Rxd6 {[%clk 1:00:14]} 31. Rxd6 {[%clk 0:43:43]} Ra8
{[%clk 1:00:37]} 32. Rd2 {[%clk 0:43:45]} Ra5 {[%clk 1:00:58]} 33. e4
{[%clk 0:43:40]} Ra3 {[%clk 1:00:59]} 34. Rd6 {[%clk 0:43:29]} 1/2-1/2

[Event "World Chess Olympiad 2018"]
[Site "Batumi"]
[Date "2018.09.30"]
[Round "6"]
[Board "2"]
[WhiteFideId "605506"]
[White "Bacrot Etienne"]
[BlackFideId "404853"]
[Black "McShane Luke J"]
[Result "1/2-1/2"]
[LiveChessVersion "1.4.8"]
[BlackElo "2672"]
[WhiteElo "2678"]

1. e4 {[%clk 1:30:57]} e6 {[%clk 1:30:54]} 2. d4 {[%clk 1:31:20]} d5
{[%clk 1:31:19]} 3. Nc3 {[%clk 1:31:44]} Nf6 {[%clk 1:31:44]} 4. e5
{[%clk 1:32:05]} Nfd7 {[%clk 1:32:09]} 5. f4 {[%clk 1:32:31]} c5 {[%clk 1:32:32]}
6. Nf3 {[%clk 1:32:58]} Nc6 {[%clk 1:32:54]} 7. Be3 {[%clk 1:33:24]} a6
{[%clk 1:33:13]} 8. Ne2 {[%clk 1:27:09]} b5 {[%clk 1:23:00]} 9. g3
{[%clk 1:11:52]} Qa5+ {[%clk 1:17:26]} 10. Kf2 {[%clk 1:07:11]} Be7
{[%clk 1:13:07]} 11. h4 {[%clk 1:00:58]} O-O {[%clk 0:59:34]} 12. c3
{[%clk 0:57:13]} b4 {[%clk 0:56:30]} 13. Qc2 {[%clk 0:56:00]} bxc3
{[%clk 0:54:25]} 14. bxc3 {[%clk 0:55:00]} f5 {[%clk 0:47:26]} 15. Nc1
{[%clk 0:47:23]} Rb8 {[%clk 0:42:31]} 16. Nb3 {[%clk 0:42:21]} Qa4
{[%clk 0:39:27]} 17. dxc5 {[%clk 0:31:06]} Nxc5 {[%clk 0:35:24]} 18. Be2
{[%clk 0:30:40]} Ne4+ {[%clk 0:32:30]} 19. Kg2 {[%clk 0:28:47]} Bd7
{[%clk 0:28:49]} 20. Nfd2 {[%clk 0:26:53]} Na5 {[%clk 0:22:01]} 21. Rhc1
{[%clk 0:25:29]} Rfc8 {[%clk 0:18:34]} 22. Nxe4 {[%clk 0:16:16]} dxe4
{[%clk 0:18:58]} 23. Nxa5 {[%clk 0:12:33]} Qxa5 {[%clk 0:19:22]} 24. Qd2
{[%clk 0:09:47]} Rd8 {[%clk 0:14:26]} 25. Bc4 {[%clk 0:10:06]} Qc7
{[%clk 0:10:33]} 26. Qe2 {[%clk 0:08:59]} a5 {[%clk 0:07:34]} 27. Rab1
{[%clk 0:09:19]} h6 {[%clk 0:04:57]} 28. Rd1 {[%clk 0:09:04]} a4 {[%clk 0:03:51]}
29. Kh3 {[%clk 0:05:08]} Kh7 {[%clk 0:03:48]} 30. h5 {[%clk 0:03:42]} Qc6
{[%clk 0:02:46]} 31. g4 {[%clk 0:03:15]} fxg4+ {[%clk 0:01:46]} 32. Kxg4
{[%clk 0:03:41]} Rxb1 {[%clk 0:01:53]} 33. Rxb1 {[%clk 0:04:10]} Rc8
{[%clk 0:01:46]} 34. Bb5 {[%clk 0:03:50]} Qd5 {[%clk 0:01:18]} 35. Bxd7
{[%clk 0:02:39]} Qxd7 {[%clk 0:01:47]} 36. Bd4 {[%clk 0:02:59]} Qd5
{[%clk 0:01:49]} 37. Rb5 {[%clk 0:02:55]} Qa8 {[%clk 0:02:00]} 38. Rb6
{[%clk 0:02:44]} Qd5 {[%clk 0:01:53]} 39. Rb5 {[%clk 0:03:09]} Qa8
{[%clk 0:02:19]} 40. Rb6 {[%clk 0:33:35]} 1/2-1/2

[Event "World Chess Olympiad 2018"]
[Site "Batumi"]
[Date "2018.09.30"]
[Round "6"]
[Board "3"]
[WhiteFideId "410608"]
[White "Howell David W L"]
[BlackFideId "608742"]
[Black "Fressinet Laurent"]
[Result "1/2-1/2"]
[LiveChessVersion "1.4.8"]
[BlackElo "2649"]
[WhiteElo "2689"]

1. Nf3 {[%clk 1:30:38]} d5 {[%clk 1:30:54]} 2. g3 {[%clk 1:30:29]} g6
{[%clk 1:30:50]} 3. Bg2 {[%clk 1:29:53]} Bg7 {[%clk 1:31:12]} 4. d4
{[%clk 1:29:40]} c6 {[%clk 1:29:59]} 5. O-O {[%clk 1:29:43]} Nf6 {[%clk 1:30:25]}
6. b3 {[%clk 1:28:42]} O-O {[%clk 1:29:54]} 7. Bb2 {[%clk 1:29:04]} Bf5
{[%clk 1:27:32]} 8. c4 {[%clk 1:28:23]} Ne4 {[%clk 1:25:36]} 9. e3
{[%clk 1:20:44]} Nd7 {[%clk 1:22:04]} 10. Qe2 {[%clk 1:20:54]} a5
{[%clk 1:20:04]} 11. Nc3 {[%clk 0:46:14]} Nxc3 {[%clk 1:10:21]} 12. Bxc3
{[%clk 0:46:32]} Be4 {[%clk 1:10:34]} 13. cxd5 {[%clk 0:33:47]} cxd5
{[%clk 1:07:55]} 14. Qb5 {[%clk 0:30:43]} Qc7 {[%clk 1:07:08]} 15. Rfc1
{[%clk 0:29:30]} Qc6 {[%clk 1:07:11]} 16. Qe2 {[%clk 0:21:15]} Qd6
{[%clk 0:55:43]} 17. Qb5 {[%clk 0:19:28]} Qc6 {[%clk 0:53:24]} 18. Qe2
{[%clk 0:18:36]} Qd6 {[%clk 0:51:15]} 19. Qb5 {[%clk 0:10:43]} Qc6 1/2-1/2

[Event "World Chess Olympiad 2018"]
[Site "Batumi"]
[Date "2018.09.30"]
[Round "6"]
[Board "4"]
[WhiteFideId "633429"]
[White "Edouard Romain"]
[BlackFideId "409561"]
[Black "Jones Gawain C B"]
[Result "1/2-1/2"]
[LiveChessVersion "1.4.8"]
[BlackElo "2677"]
[WhiteElo "2646"]

1. d4 {[%clk 1:30:57]} Nf6 {[%clk 1:30:51]} 2. c4 {[%clk 1:31:23]} g6
{[%clk 1:31:13]} 3. g3 {[%clk 1:31:49]} c6 {[%clk 1:31:16]} 4. Bg2
{[%clk 1:31:30]} d5 {[%clk 1:31:38]} 5. Qa4 {[%clk 1:30:58]} Bg7 {[%clk 1:31:00]}
6. cxd5 {[%clk 1:30:51]} O-O {[%clk 1:31:23]} 7. dxc6 {[%clk 1:29:19]} Nxc6
{[%clk 1:31:46]} 8. Nf3 {[%clk 1:29:16]} Nd5 {[%clk 1:31:46]} 9. Nc3
{[%clk 1:06:14]} Nb6 {[%clk 1:26:58]} 10. Qd1 {[%clk 1:06:04]} Bg4
{[%clk 1:22:06]} 11. O-O {[%clk 0:50:11]} Bxf3 {[%clk 1:04:50]} 12. Bxf3
{[%clk 0:50:14]} Qxd4 {[%clk 1:05:09]} 13. Qxd4 {[%clk 0:43:51]} Bxd4
{[%clk 1:05:00]} 14. Bxc6 {[%clk 0:43:39]} bxc6 {[%clk 1:05:18]} 15. Bh6
{[%clk 0:44:01]} Rfd8 {[%clk 1:02:15]} 16. Rac1 {[%clk 0:41:54]} Nd5
{[%clk 0:59:01]} 17. Na4 {[%clk 0:33:33]} Nb6 {[%clk 0:57:27]} 18. Nc3
{[%clk 0:33:50]} Nd5 {[%clk 0:57:41]} 19. Na4 {[%clk 0:34:15]} Nb6
{[%clk 0:57:45]} 20. Nc3 1/2-1/2

[Event "World Chess Olympiad 2018"]
[Site "Batumi"]
[Date "2018.09.30"]
[Round "6"]
[Board "1"]
[WhiteFideId "24116068"]
[White "Giri Anish"]
[BlackFideId "13602853"]
[Black "Tutisani Noe"]
[Result "1-0"]
[LiveChessVersion "1.4.8"]
[BlackElo "2471"]
[WhiteElo "2780"]

1. e4 {[%clk 1:30:58]} e5 {[%clk 1:30:52]} 2. Nf3 {[%clk 1:31:23]} Nc6
{[%clk 1:31:00]} 3. Bc4 {[%clk 1:31:45]} Bc5 {[%clk 1:31:19]} 4. c3
{[%clk 1:32:09]} Nf6 {[%clk 1:31:43]} 5. d3 {[%clk 1:32:36]} a6 {[%clk 1:32:07]}
6. a4 {[%clk 1:31:22]} d6 {[%clk 1:32:04]} 7. O-O {[%clk 1:31:05]} O-O
{[%clk 1:30:54]} 8. Re1 {[%clk 1:31:02]} h6 {[%clk 1:31:05]} 9. Nbd2
{[%clk 1:30:54]} Be6 {[%clk 1:29:37]} 10. Bxe6 {[%clk 1:30:14]} fxe6
{[%clk 1:30:01]} 11. b4 {[%clk 1:30:40]} Ba7 {[%clk 1:29:50]} 12. Nf1
{[%clk 1:30:05]} Qe8 {[%clk 1:27:27]} 13. Ra2 {[%clk 1:27:47]} b5
{[%clk 1:24:24]} 14. Be3 {[%clk 1:24:10]} Bxe3 {[%clk 1:18:27]} 15. Nxe3
{[%clk 1:24:27]} Qg6 {[%clk 1:14:25]} 16. g3 {[%clk 1:18:06]} Qf7
{[%clk 1:12:19]} 17. Kg2 {[%clk 1:08:59]} Nd7 {[%clk 1:12:26]} 18. Qe2
{[%clk 0:58:05]} Nb6 {[%clk 1:08:21]} 19. axb5 {[%clk 0:58:21]} axb5
{[%clk 1:08:47]} 20. Rxa8 {[%clk 0:58:45]} Rxa8 {[%clk 1:05:08]} 21. Rc1
{[%clk 0:58:05]} Qg6 {[%clk 0:57:06]} 22. Nf1 {[%clk 0:57:58]} Qf6
{[%clk 0:56:47]} 23. h4 {[%clk 0:57:54]} Nd7 {[%clk 0:50:44]} 24. N1h2
{[%clk 0:55:54]} Qg6 {[%clk 0:45:21]} 25. Qe1 {[%clk 0:51:11]} d5
{[%clk 0:44:23]} 26. Nf1 {[%clk 0:47:48]} Rf8 {[%clk 0:37:55]} 27. N1d2
{[%clk 0:47:39]} Qf6 {[%clk 0:37:39]} 28. Qe2 {[%clk 0:45:10]} Nb6
{[%clk 0:37:20]} 29. Nb3 {[%clk 0:35:28]} Nd7 {[%clk 0:32:58]} 30. Ra1
{[%clk 0:32:28]} Nb6 {[%clk 0:28:14]} 31. Nc5 {[%clk 0:31:30]} d4
{[%clk 0:24:55]} 32. cxd4 {[%clk 0:31:35]} exd4 {[%clk 0:25:14]} 33. Rc1
{[%clk 0:28:45]} e5 {[%clk 0:24:19]} 34. h5 {[%clk 0:27:54]} Kh7 {[%clk 0:20:28]}
35. Nh4 {[%clk 0:27:19]} Ra8 {[%clk 0:19:58]} 36. Qg4 {[%clk 0:24:23]} Qg5
{[%clk 0:18:01]} 37. Qxg5 {[%clk 0:24:31]} hxg5 {[%clk 0:18:27]} 38. Ne6
{[%clk 0:24:45]} gxh4 {[%clk 0:10:12]} 39. Rxc6 {[%clk 0:24:36]} hxg3
{[%clk 0:10:40]} 40. fxg3 {[%clk 0:46:51]} Rc8 {[%clk 0:35:58]} 41. Kf3
{[%clk 0:28:46]} Na4 {[%clk 0:35:18]} 42. Kg4 {[%clk 0:29:04]} Nb2
{[%clk 0:34:46]} 43. Nc5 {[%clk 0:28:48]} Rf8 {[%clk 0:29:42]} 44. Rxc7
{[%clk 0:28:05]} Rf6 {[%clk 0:29:07]} 45. Re7 {[%clk 0:28:12]} Nd1
{[%clk 0:28:11]} 46. Ne6 {[%clk 0:27:53]} Kh6 {[%clk 0:26:07]} 47. Nxg7
{[%clk 0:23:14]} Ne3+ {[%clk 0:23:05]} 48. Kh4 {[%clk 0:23:39]} Ng2+
{[%clk 0:21:59]} 49. Kh3 {[%clk 0:24:06]} Ne3 {[%clk 0:21:22]} 50. Nf5+
{[%clk 0:24:21]} Kxh5 {[%clk 0:21:16]} 51. Rh7+ {[%clk 0:24:17]} 1-0

[Event "World Chess Olympiad 2018"]
[Site "Batumi"]
[Date "2018.09.30"]
[Round "6"]
[Board "2"]
[WhiteFideId "13608207"]
[White "Oboladze Luka"]
[BlackFideId "1007998"]
[Black "L'Ami Erwin"]
[Result "0-1"]
[LiveChessVersion "1.4.8"]
[BlackElo "2639"]
[WhiteElo "2340"]

1. d4 {[%clk 1:30:57]} Nf6 {[%clk 1:30:50]} 2. c4 {[%clk 1:31:21]} e6
{[%clk 1:30:57]} 3. Nf3 {[%clk 1:31:47]} d5 {[%clk 1:31:02]} 4. Nc3
{[%clk 1:32:08]} Nbd7 {[%clk 1:31:21]} 5. Bf4 {[%clk 1:30:20]} dxc4
{[%clk 1:31:10]} 6. e3 {[%clk 1:30:42]} Nd5 {[%clk 1:31:14]} 7. Bxc4
{[%clk 1:30:14]} Nxf4 {[%clk 1:31:25]} 8. exf4 {[%clk 1:30:40]} Nb6
{[%clk 1:31:43]} 9. Bb3 {[%clk 1:30:03]} g6 {[%clk 1:32:03]} 10. O-O
{[%clk 1:27:15]} Bg7 {[%clk 1:32:26]} 11. Ne5 {[%clk 1:19:21]} O-O
{[%clk 1:32:42]} 12. Re1 {[%clk 1:19:03]} a5 {[%clk 1:30:53]} 13. a4
{[%clk 1:17:54]} Bd7 {[%clk 1:28:01]} 14. Qf3 {[%clk 1:11:27]} Bc6
{[%clk 1:27:32]} 15. Qd3 {[%clk 0:57:55]} Nd5 {[%clk 1:24:06]} 16. Nxd5
{[%clk 0:55:50]} Bxd5 {[%clk 1:23:55]} 17. Red1 {[%clk 0:51:33]} c6
{[%clk 1:20:25]} 18. Rac1 {[%clk 0:51:17]} Bxb3 {[%clk 1:04:47]} 19. Qxb3
{[%clk 0:51:38]} Qe7 {[%clk 1:05:06]} 20. Rc5 {[%clk 0:45:58]} Rfd8
{[%clk 1:05:17]} 21. Qc3 {[%clk 0:43:52]} Qc7 {[%clk 1:04:16]} 22. g3
{[%clk 0:38:19]} Bf8 {[%clk 1:03:11]} 23. Rc4 {[%clk 0:38:36]} Rd5
{[%clk 1:03:17]} 24. Qb3 {[%clk 0:36:06]} Rad8 {[%clk 1:01:41]} 25. Rd3
{[%clk 0:35:36]} Bg7 {[%clk 1:00:51]} 26. h4 {[%clk 0:33:28]} Bxe5
{[%clk 0:52:07]} 27. fxe5 {[%clk 0:33:47]} b6 {[%clk 0:52:23]} 28. Qc2
{[%clk 0:15:06]} c5 {[%clk 0:51:17]} 29. Qd1 {[%clk 0:10:44]} Qd7
{[%clk 0:44:27]} 30. Qb3 {[%clk 0:10:16]} Qc6 {[%clk 0:44:17]} 31. Qc2
{[%clk 0:08:08]} h5 {[%clk 0:42:57]} 32. Qc3 {[%clk 0:07:29]} Kg7
{[%clk 0:41:02]} 33. Qc2 {[%clk 0:07:22]} R8d7 {[%clk 0:32:39]} 34. Rd1
{[%clk 0:04:31]} Qa8 {[%clk 0:32:14]} 35. Qe4 {[%clk 0:04:26]} Qd8
{[%clk 0:32:09]} 36. Kf1 {[%clk 0:03:41]} b5 {[%clk 0:27:15]} 37. axb5
{[%clk 0:03:51]} Qb6 {[%clk 0:27:19]} 38. Qe2 {[%clk 0:01:17]} Qxb5
{[%clk 0:27:18]} 39. Rcc1 {[%clk 0:01:19]} cxd4 {[%clk 0:18:31]} 40. Qxb5
{[%clk 0:30:49]} Rxb5 {[%clk 0:48:53]} 41. Rc4 {[%clk 0:31:15]} d3
{[%clk 0:46:40]} 42. Rc3 {[%clk 0:29:56]} Rxb2 {[%clk 0:35:15]} 43. Rdxd3
{[%clk 0:29:21]} Rxd3 {[%clk 0:32:24]} 44. Rxd3 {[%clk 0:29:48]} Rb5
{[%clk 0:32:22]} 45. f4 {[%clk 0:26:41]} a4 {[%clk 0:30:07]} 46. Ke2
{[%clk 0:26:52]} Rb3 {[%clk 0:23:41]} 47. Rxb3 {[%clk 0:18:32]} axb3
{[%clk 0:23:53]} 48. Kd3 {[%clk 0:19:01]} f6 {[%clk 0:23:11]} 49. Kc3
{[%clk 0:19:24]} fxe5 {[%clk 0:23:23]} 50. fxe5 {[%clk 0:19:51]} g5
{[%clk 0:23:39]} 51. Kxb3 {[%clk 0:17:20]} gxh4 {[%clk 0:23:12]} 52. gxh4
{[%clk 0:17:46]} Kg6 {[%clk 0:23:36]} 53. Kc4 {[%clk 0:18:12]} Kf5
{[%clk 0:23:59]} 54. Kd4 {[%clk 0:18:39]} Kf4 {[%clk 0:24:20]} 0-1

[Event "World Chess Olympiad 2018"]
[Site "Batumi"]
[Date "2018.09.30"]
[Round "6"]
[Board "3"]
[WhiteFideId "1000268"]
[White "Van Wely Loek"]
[BlackFideId "13611216"]
[Black "Petriashvili Nikoloz"]
[Result "1/2-1/2"]
[LiveChessVersion "1.4.8"]
[BlackElo "2343"]
[WhiteElo "2642"]

1. d4 {[%clk 1:30:53]} d5 {[%clk 1:30:52]} 2. c4 {[%clk 1:31:14]} c6
{[%clk 1:31:19]} 3. Nf3 {[%clk 1:31:19]} Nf6 {[%clk 1:31:44]} 4. Qb3
{[%clk 1:29:05]} g6 {[%clk 1:25:16]} 5. Bf4 {[%clk 1:25:27]} Bg7 {[%clk 1:24:56]}
6. e3 {[%clk 1:25:08]} O-O {[%clk 1:24:58]} 7. Nc3 {[%clk 1:23:34]} Qb6 8. Qxb6
{[%clk 1:18:11]} axb6 {[%clk 1:05:27]} 9. cxd5 Nxd5 {[%clk 0:58:41]} 10. Nxd5
{[%clk 1:15:03]} cxd5 {[%clk 0:47:40]} 11. Bc7 Bg4 {[%clk 0:46:50]} 12. Ne5
{[%clk 1:06:11]} Bxe5 13. dxe5 {[%clk 0:57:20]} Nd7 {[%clk 0:43:45]} 14. Bb5
{[%clk 0:55:37]} Rfc8 {[%clk 0:44:02]} 15. Bxd7 {[%clk 0:55:35]} Bxd7
{[%clk 0:44:30]} 16. Bxb6 {[%clk 0:55:58]} Rc2 {[%clk 0:44:51]} 17. O-O
{[%clk 0:50:13]} Rxb2 {[%clk 0:40:47]} 18. Bc5 {[%clk 0:49:53]} Kf8
{[%clk 0:32:48]} 19. a3 {[%clk 0:48:19]} Rc2 {[%clk 0:32:31]} 20. Bb4
{[%clk 0:46:37]} Ke8 {[%clk 0:29:18]} 21. Rfd1 {[%clk 0:44:52]} Bc6
{[%clk 0:29:43]} 22. h3 {[%clk 0:42:54]} Rc4 {[%clk 0:29:45]} 23. f3
{[%clk 0:41:17]} Kd7 {[%clk 0:29:17]} 24. Rd4 {[%clk 0:39:15]} Ke6
{[%clk 0:26:32]} 25. Rad1 {[%clk 0:39:21]} Rc8 {[%clk 0:22:01]} 26. R1d2
{[%clk 0:36:01]} Rxd4 {[%clk 0:21:05]} 27. exd4 {[%clk 0:33:29]} b6
{[%clk 0:21:30]} 28. Rc2 {[%clk 0:30:54]} Bd7 {[%clk 0:21:55]} 29. Rxc8
{[%clk 0:31:11]} Bxc8 {[%clk 0:22:22]} 30. g4 {[%clk 0:31:29]} f6
{[%clk 0:22:13]} 31. exf6 {[%clk 0:31:50]} exf6 {[%clk 0:22:36]} 32. Kf2 1/2-1/2

[Event "World Chess Olympiad 2018"]
[Site "Batumi"]
[Date "2018.09.30"]
[Round "6"]
[Board "4"]
[WhiteFideId "13602799"]
[White "Sibashvili Giorgi"]
[BlackFideId "1039784"]
[Black "Van Foreest Jorden"]
[Result "1-0"]
[LiveChessVersion "1.4.8"]
[BlackElo "2624"]
[WhiteElo "2425"]

1. d4 {[%clk 1:30:58]} Nf6 {[%clk 1:30:50]} 2. c4 {[%clk 1:31:18]} g6
{[%clk 1:31:15]} 3. Nc3 {[%clk 1:31:31]} Bg7 {[%clk 1:31:38]} 4. e4
{[%clk 1:31:44]} d6 {[%clk 1:32:03]} 5. Nf3 {[%clk 1:31:50]} O-O {[%clk 1:32:23]}
6. Be2 {[%clk 1:31:56]} e5 {[%clk 1:32:44]} 7. O-O {[%clk 1:32:19]} Nc6
{[%clk 1:33:09]} 8. d5 {[%clk 1:32:10]} Ne7 {[%clk 1:33:32]} 9. Be3
{[%clk 1:32:31]} Nd7 {[%clk 1:33:14]} 10. Nd2 {[%clk 1:28:30]} f5
{[%clk 1:32:36]} 11. f3 {[%clk 1:28:54]} a5 {[%clk 1:15:06]} 12. a3
{[%clk 1:28:37]} Kh8 {[%clk 1:14:55]} 13. b4 {[%clk 1:26:29]} Ng8
{[%clk 1:15:16]} 14. c5 {[%clk 1:14:28]} Bh6 {[%clk 1:09:44]} 15. Bxh6
{[%clk 1:12:34]} Nxh6 {[%clk 1:10:07]} 16. cxd6 {[%clk 1:11:13]} cxd6
{[%clk 1:10:04]} 17. Nb5 {[%clk 1:06:25]} Nf6 {[%clk 0:54:36]} 18. bxa5
{[%clk 0:59:28]} Rxa5 {[%clk 0:51:12]} 19. Rb1 {[%clk 0:55:07]} Bd7
{[%clk 0:47:19]} 20. Nxd6 {[%clk 0:53:24]} Ba4 {[%clk 0:47:28]} 21. Qc1
{[%clk 0:53:48]} Qxd6 {[%clk 0:46:04]} 22. Nc4 {[%clk 0:54:11]} Qc5+
{[%clk 0:43:42]} 23. Kh1 {[%clk 0:51:21]} Nf7 {[%clk 0:43:17]} 24. Nxa5
{[%clk 0:51:12]} Qxa5 {[%clk 0:43:43]} 25. Rxb7 {[%clk 0:51:30]} Nd6
{[%clk 0:36:15]} 26. Qh6 {[%clk 0:49:12]} Rg8 {[%clk 0:36:40]} 27. Re7
{[%clk 0:46:48]} Qd8 {[%clk 0:35:48]} 28. Re6 {[%clk 0:45:28]} Nh5
{[%clk 0:30:57]} 29. Qd2 {[%clk 0:40:17]} Ng7 {[%clk 0:19:28]} 30. Qb4
{[%clk 0:35:07]} Nxe6 {[%clk 0:17:39]} 31. dxe6 {[%clk 0:32:55]} Bc2
{[%clk 0:07:47]} 32. Qc5 {[%clk 0:25:21]} Ba4 {[%clk 0:07:08]} 33. Qxe5+
{[%clk 0:21:59]} Rg7 {[%clk 0:07:33]} 34. Qd4 {[%clk 0:19:21]} Bb3
{[%clk 0:07:50]} 35. Rb1 {[%clk 0:19:24]} Bxe6 {[%clk 0:08:18]} 36. Rd1
{[%clk 0:19:26]} fxe4 {[%clk 0:08:09]} 37. fxe4 {[%clk 0:18:58]} Bb3
{[%clk 0:05:06]} 38. Qxd6 {[%clk 0:18:01]} Qxd6 {[%clk 0:05:22]} 39. Rxd6
{[%clk 0:18:26]} Ra7 {[%clk 0:05:48]} 40. Ra6 {[%clk 0:34:43]} Re7
{[%clk 0:36:13]} 41. Kg1 {[%clk 0:34:04]} Rxe4 {[%clk 0:36:23]} 42. Bf3
{[%clk 0:34:15]} Re5 {[%clk 0:30:22]} 43. Ra7 {[%clk 0:33:35]} Bd1
{[%clk 0:29:56]} 44. Bxd1 {[%clk 0:29:25]} Re1+ {[%clk 0:30:19]} 45. Kf2
{[%clk 0:29:52]} Rxd1 {[%clk 0:30:40]} 46. a4 {[%clk 0:29:47]} Rd2+
{[%clk 0:25:20]} 47. Kf3 {[%clk 0:28:37]} h5 {[%clk 0:19:33]} 48. a5
{[%clk 0:28:07]} Rd5 {[%clk 0:20:01]} 49. Ke4 {[%clk 0:27:02]} Rb5
{[%clk 0:17:29]} 50. a6 {[%clk 0:25:59]} Ra5 {[%clk 0:13:47]} 51. h4
{[%clk 0:25:56]} Kg8 {[%clk 0:12:42]} 52. Kd4 {[%clk 0:25:57]} Kf8
{[%clk 0:11:25]} 53. Kc4 {[%clk 0:26:13]} Kg8 {[%clk 0:11:19]} 54. Kb4
{[%clk 0:26:29]} Ra2 {[%clk 0:11:46]} 55. Kc5 {[%clk 0:26:20]} Rc2+
{[%clk 0:11:55]} 56. Kd5 {[%clk 0:26:45]} Rd2+ {[%clk 0:11:18]} 57. Ke5
{[%clk 0:27:07]} 1-0